000
00339 a2200157 4500
001
74906
020
_a
988563877239
040
_c
Anchieta - Colégio São Paulo
100
_a
Cavalcanti, Maria Clara
240
1
0
_a
Quibungo
_l
por
245
1
0
_a
Quibungo
300
_a
35
362
0
_a
2011
650
4
_a
Literatura infantil
942
_c
BK
999
_c
74906
_d
74906